Statistics for Sheffield Wednesday all-time top scorers

Click here to take the quiz!

General Stats

  • This quiz has been taken 6 times
  • The average score is 4 of 10

Answer Stats

GoalsNationalityPlayer% Correct
68EnglandLee Chapman
67%
52EnglandMarcus Tudgay
67%
50Kosovo / AlbaniaAtdhe Nuhiu
33%
57EnglandDavid Layne
33%
88England
David Hirst
33%
42NetherlandGerald Sibon
33%
101EnglandJohnny Fantham
33%
60EnglandMark Bright
33%
42EnglandRedfern Froggatt
33%
50EnglandColin Dobson
0%

Score Distribution

Percentile by Number Answered

Percent of People with Each Score

Your Score History

You have not taken this quiz